LEADER 01084nam a2200229 u 4500 001 000000077278 003 CaOOAMICUS 005 20070226123313.0 008 040126n it u000 u ita u 035 $a10982070 040 $aPUL(R)$bita 245 00$aNorme e disposizioni per il riconoscimento agli effetti civili dei titoli accademici ecclesiastici in Italia. 260 $a[Roma :$bTipem,$cs.d.] 300 $a140 p. ;$c24 cm 504 $aBibliografia in nota. 650 4$aUniversitŕ ecclesiastiche.$0(OLS)http://pul/subject/7890 850 $aPUL 852 $aPUL$W1$xSL Filosofia 1$y2$m138 A 73$j99302$nBK-PRI$b $qStampati$B99302$CPULBib$Z2$F99302 $HPUL70752 $81 852 $aPUL$W1$xSL Filosofia 1$y2$m138 A 103$j99303$nBK-PRI$b $qStampati$B99303$CPULBib$Z2$F99303 $HPUL79347 $81 941 1 $a8 996 $6245$aNorme e disposizioni per il riconoscimento agli effetti civili dei titoli accademici ecclesiastici in Italia$9(OLS)http://pul/title/101327 996 $6260$a[Roma :$bTipem$9(OLS)http://pul/publisher/75041 LEADER 01280nam a2200325 a 4500 001 000000143975 003 CaOOAMICUS 005 20150610135439.0 008 150610s1998 sp u000 u spa r 020 $a84-301-1161-1 040 $aPUL$bita 100 1 $aFloristan, Casiano,$d1926-2006.$0(OLS)http://pul/name/34618 245 10$aTeologia practica :$bteoria y praxis de la accion pastoral /$cCasiano Floristan. 250 $a3. ed. 260 $aSalamanca :$bSígueme,$c©1998. 300 $a757 p. ;$c21 cm 490 1 $aLux mundi ;$v68 504 $aBibliografia in nota. 650 4$aTeologia pastorale.$0(OLS)http://pul/subject/1301 830 0$aLux mundi ;$v68.$0(OLS)http://pul/title/141829 850 $aPUL 852 $aPUL$W1$xDP1 Fondo S. Lanza$y121$m3 B 41$j10774$qFondi$B166481$CPULBib$Z2$F166481 $HLan823 $82 900 $aFloristan Samanes, Casiano$d1926-2006$934618 941 1 $a1 960 $aPastorale$91301 961 $aNota ms. di possesso: Sergio Lanza 996 $6020$a84-301-1161-1$9(OLS)http://pul/number/157845 996 $6245$aTeologia practica :$bteoria y praxis de la accion pastoral$9(OLS)http://pul/title/182149 996 $6260$aSalamanca :$bSígueme$9(OLS)http://pul/publisher/69570